[Event "Ghaem Cup 1st"]
[Site "Qaem Shahr"]
[Date "2019.04.20"]
[Round "1"]
[White "Mosadeghpour, Masoud"]
[Black "Khajavi, Armin"]
[Result "1/2-1/2"]
[WhiteElo "2534"]
[BlackElo "2199"]
[PlyCount "66"]
[EventDate "2019.04.20"]
[EventType "swiss"]
[EventRounds "9"]
[EventCountry "IRI"]
[SourceTitle "CBM 190 Extra"]
[Source "ChessBase"]
[SourceDate "2019.07.15"]
[SourceVersion "1"]
[SourceVersionDate "2019.07.15"]
[SourceQuality "1"]

1. e4 c5 2. Nf3 Nc6 3. d4 cxd4 4. Nxd4 g6 5. c4 Bg7 6. Be3 Nf6 7. Nc3 0-0 8. Be2 d6 9. 0-0 Bd7 10. f3 Nxd4 11. Bxd4 a5 12. b3 Bc6 13. Qd2 Nd7 14. Be3 Nc5 15. Rab1 Be5 16. Nd1 Qb8 17. Nf2 Bg7 18. Rfc1 Rd8 19. Rc2 b5 20. cxb5 Bxb5 21. Bxb5 Qxb5 22. Rbc1 a4 23. b4 Nb3 24. axb3 axb3 25. Rb2 Bxb2 26. Qxb2 Qxb4 27. Nd3 Qa4 28. Rc3 Qa1+ 29. Bc1 Rdb8 30. Qxa1 Rxa1 31. Kf2 f6 32. Bb2 Rb1 33. Ke2 Kf7 1/2-1/2

[Event "Arak op 15th"]
[Site "Arak"]
[Date "2016.08.14"]
[Round "5"]
[White "Khajavi, Armin"]
[Black "Omidi, Arya"]
[Result "1-0"]
[WhiteElo "2135"]
[BlackElo "2259"]
[PlyCount "69"]
[EventDate "2016.08.11"]
[EventType "swiss"]
[EventRounds "11"]
[EventCountry "IRI"]
[SourceTitle "CBM 173 Extra"]
[Source "ChessBase"]
[SourceDate "2016.08.29"]
[SourceVersion "1"]
[SourceVersionDate "2016.08.29"]
[SourceQuality "1"]

1. Nf3 Nf6 2. c4 c5 3. Nc3 g6 4. d4 cxd4 5. Nxd4 Bg7 6. e4 d6 7. Be2 0-0 8. 0-0 Nc6 9. Be3 Bd7 10. f3 a5 11. Ndb5 Be6 12. Qd2 Nd7 13. Rfd1 Rc8 14. Rac1 Nc5 15. b3 b6 16. Rb1 f5 17. exf5 Bxf5 18. Rbc1 Kh8 19. Nd5 Rb8 20. Re1 Qe8 21. Rcd1 Qf7 22. Bf1 Rb7 23. Bg5 Be5 24. f4 Bg4 25. fxe5 Bxd1 26. exd6 Ne4 27. Qb2+ e5 28. Bh6 Qf2+ 29. Qxf2 Rxf2 30. Rxe4 Rbf7 31. Re1 Bg4 32. h3 Bd7 33. Nxb6 Rxa2 34. Nxd7 Rxd7 35. Be2 1-0

[Event "IRI-ch"]
[Site "Zahedan"]
[Date "2012.12.14"]
[Round "10"]
[White "Khajavi, Armin"]
[Black "Bakhtiari Kish, Mazdak"]
[Result "0-1"]
[WhiteElo "2110"]
[BlackElo "2162"]
[PlyCount "168"]
[EventDate "2012.12.07"]
[EventType "swiss"]
[EventRounds "11"]
[EventCountry "IRI"]
[SourceTitle "EXT 2014"]
[Source "ChessBase"]
[SourceDate "2013.11.20"]
[SourceVersion "1"]
[SourceVersionDate "2013.11.20"]
[SourceQuality "1"]

1. c4 g6 2. e4 Bg7 3. Nc3 c5 4. g3 Nc6 5. Bg2 e5 6. d3 d6 7. Nd5 Nge7 8. Bg5 h6 9. Bf6 Bxf6 10. Nxf6+ Kf8 11. Ne2 Kg7 12. Nd5 h5 13. Qd2 Rb8 14. 0-0 Nxd5 15. exd5 Nd4 16. Nxd4 exd4 17. b4 b6 18. h3 Bf5 19. Rfe1 Qd7 20. h4 a5 21. bxc5 bxc5 22. Be4 a4 23. Qf4 Bg4 24. Rab1 a3 25. Qc1 Qa7 26. Qf4 Rxb1 27. Rxb1 Rb8 28. Rxb8 Qxb8 29. Kg2 Be2 30. Qd2 Qb2 31. Qg5 Qb1 32. Qf4 Bf1+ 33. Kh2 Qxa2 34. Bg2 Bxg2 35. Kxg2 Qe2 36. Qxd6 a2 37. Qa6 Qb2 38. Qd6 Qb7 39. Qe5+ Kg8 40. Qe8+ Kg7 41. Qe5+ Kh7 42. Qe1 Qa8 43. Qa1 Kg7 44. Kh2 Kf6 45. f4 Ke7 46. f5 Qa5 47. fxg6 Qd2+ 48. Kh3 fxg6 49. Qh1 Qxd3 50. Qe1+ Kf8 51. d6 Qf5+ 52. Kh2 Qd7 53. Qf2+ Kg7 54. Qxa2 Qxd6 55. Qa7+ Kf6 56. Qa8 d3 57. Qh8+ Kf5 58. Qc8+ Ke4 59. Qb7+ Kd4 60. Qb3 Ke3 61. Qc3 Kf3 62. Kh1 Kxg3 63. Qe1+ Kf3 64. Qd2 Ke4 65. Qg2+ Kd4 66. Qa2 Qg3 67. Qf2+ Qe3 68. Qb2+ Ke4 69. Qb7+ Kf4 70. Qf7+ Ke5 71. Qd5+ Kf6 72. Qd6+ Kg7 73. Qc7+ Kh6 74. Qd8 Qh3+ 75. Kg1 Qg3+ 76. Kh1 Qe5 77. Qf8+ Kh7 78. Qd8 d2 79. Qd7+ Kg8 80. Qd8+ Kf7 81. Qd7+ Kf6 82. Qxd2 Qe4+ 83. Kg1 Qg4+ 84. Kf1 Qxc4+ 0-1

[Event "IRI-ch"]
[Site "Zahedan"]
[Date "2012.12.10"]
[Round "6"]
[White "Kheiri, AR."]
[Black "Khajavi, Armin"]
[Result "0-1"]
[WhiteElo "2158"]
[BlackElo "2110"]
[PlyCount "108"]
[EventDate "2012.12.07"]
[EventType "swiss"]
[EventRounds "11"]
[EventCountry "IRI"]
[SourceTitle "EXT 2014"]
[Source "ChessBase"]
[SourceDate "2013.11.20"]
[SourceVersion "1"]
[SourceVersionDate "2013.11.20"]
[SourceQuality "1"]

1. e4 c5 2. Nc3 Nc6 3. Nge2 g6 4. d4 cxd4 5. Nxd4 Bg7 6. Be3 d6 7. Bc4 Nf6 8. f3 0-0 9. Qd2 Nd7 10. h4 Nb6 11. Bb3 Na5 12. Qe2 Nxb3 13. cxb3 d5 14. exd5 Nxd5 15. 0-0-0 Qc7 16. Ndb5 Nxc3 17. bxc3 Qa5 18. b4 Qa6 19. h5 Be6 20. hxg6 hxg6 21. Bd4 Qxa2 22. Qxa2 Bxa2 23. Bxg7 Kxg7 24. Rd7 e6 25. Rxb7 Bd5 26. Rc7 Rfc8 27. Kc2 a6 28. Rxc8 Rxc8 29. Nd6 Rd8 30. Ne4 Bc4 31. Ra1 f5 32. Nd2 Bd3+ 33. Kb3 e5 34. c4 Rd6 35. c5 Re6 36. Rc1 Bb5 37. Re1 Kf6 38. Kc3 Kg5 39. g3 Kf6 40. Re3 Re7 41. Nc4 g5 42. Nd6 Bc6 43. Kc4 Ke6 44. Ra3 Ra7 45. Rd3 Ra8 46. Kc3 Rd8 47. Re3 Rh8 48. f4 gxf4 49. gxf4 e4 50. Rg3 Kf6 51. Rg5 Bd7 52. Kd4 Rh3 53. Rg1 Rd3+ 54. Kc4 Be6# 0-1

[Event "IRI-ch"]
[Site "Zahedan"]
[Date "2012.12.08"]
[Round "3"]
[White "Khajavi, Armin"]
[Black "Valizadeh, Ali"]
[Result "1/2-1/2"]
[WhiteElo "2110"]
[BlackElo "2207"]
[PlyCount "72"]
[EventDate "2012.12.07"]
[EventType "swiss"]
[EventRounds "11"]
[EventCountry "IRI"]
[SourceTitle "EXT 2014"]
[Source "ChessBase"]
[SourceDate "2013.11.20"]
[SourceVersion "1"]
[SourceVersionDate "2013.11.20"]
[SourceQuality "1"]

1. c4 e5 2. Nc3 Nf6 3. g3 d5 4. cxd5 Nxd5 5. Bg2 Nb6 6. Nf3 Nc6 7. 0-0 Be6 8. d4 exd4 9. Nb5 d3 10. Ng5 a6 11. Nxe6 fxe6 12. Nc3 Be7 13. exd3 0-0 14. Qg4 Qd7 15. Be3 Rad8 16. Rad1 Nd5 17. Rfe1 Nxe3 18. fxe3 e5 19. Qc4+ Kh8 20. Bxc6 Qxc6 21. Qxc6 bxc6 22. Ne4 Rd5 23. Rc1 Rxd3 24. Rxc6 Bb4 25. Re2 Ba5 26. Kg2 Ra8 27. Rc5 Bb6 28. Rxe5 Rxe3 29. Rxe3 Bxe3 30. Re7 Rc8 31. Nd6 cxd6 32. Rxe3 Kg8 33. Kf3 Kf7 34. Rb3 Ke6 35. Rb7 Rc2 36. h4 Kf6 1/2-1/2

[Event "Hamadan Iran op 11th"]
[Site "Hamadan"]
[Date "2012.07.14"]
[Round "6"]
[White "Asgari, Morteza"]
[Black "Khajavi, Armin"]
[Result "0-1"]
[WhiteElo "2304"]
[BlackElo "2053"]
[PlyCount "148"]
[EventDate "2012.07.11"]
[EventType "swiss"]
[EventRounds "11"]
[EventCountry "IRI"]
[SourceTitle "CBM 149 Extra"]
[Source "ChessBase"]
[SourceDate "2012.08.24"]
[SourceVersion "1"]
[SourceVersionDate "2012.08.24"]
[SourceQuality "1"]

1. e4 c5 2. Nf3 Nc6 3. d4 cxd4 4. Nxd4 g6 5. Nc3 Bg7 6. Be3 Nf6 7. Bc4 0-0 8. Bb3 Ng4 9. Qxg4 Nxd4 10. Qd1 Nc6 11. Qd2 d6 12. h4 h5 13. Bh6 Qa5 14. Bxg7 Kxg7 15. 0-0-0 Bd7 16. Qe3 Rac8 17. Rd5 Qb6 18. Qxb6 axb6 19. Rb5 Nd4 20. Rxb6 Nxb3+ 21. axb3 Bc6 22. b4 Ra8 23. Kd2 Ra6 24. Rxa6 bxa6 25. Ra1 Bb7 26. Ra5 f5 27. e5 dxe5 28. Rxe5 Kf6 29. f4 Rd8+ 30. Ke3 Bxg2 31. b5 axb5 32. Nxb5 Rd1 33. c3 Rh1 34. Nd4 Rxh4 35. Ne6 Rg4 36. Nd8 Be4 37. Re6+ Kg7 38. Rxe7+ Kf8 39. Ra7 Rg3+ 40. Kf2 Rg2+ 41. Ke3 Rg3+ 42. Kf2 Rg2+ 43. Ke3 Rxb2 44. Ne6+ Ke8 45. Nc5 Bg2 46. Rh7 Rc2 47. Kd4 Re2 48. c4 Re1 49. Rg7 h4 50. Rxg6 h3 51. Rh6 Kf7 52. Nd3 Kg7 53. Rh4 Re4+ 54. Kc3 Re6 55. Rh5 Bf1 56. Ne5 Rh6 57. Rg5+ Kf6 58. Nf3 h2 59. Nxh2 Rxh2 60. Rg1 Rf2 61. c5 Rxf4 62. c6 Ba6 63. Rh1 Kg6 64. Rg1+ Rg4 65. Rb1 Rc4+ 66. Kd2 Rxc6 67. Ke3 Re6+ 68. Kf2 Bd3 69. Rg1+ Kf6 70. Kf3 Ke5 71. Rg5 Be4+ 72. Ke3 Ra6 73. Rg8 Ra3+ 74. Ke2 Kf4 0-1

[Event "Hamadan Iran op 11th"]
[Site "Hamadan"]
[Date "2012.07.14"]
[Round "5"]
[White "Khajavi, Armin"]
[Black "Khamisi, S Jafar"]
[Result "1/2-1/2"]
[WhiteElo "2053"]
[BlackElo "2148"]
[PlyCount "96"]
[EventDate "2012.07.11"]
[EventType "swiss"]
[EventRounds "11"]
[EventCountry "IRI"]
[SourceTitle "CBM 149 Extra"]
[Source "ChessBase"]
[SourceDate "2012.08.24"]
[SourceVersion "1"]
[SourceVersionDate "2012.08.24"]
[SourceQuality "1"]

1. Nf3 Nf6 2. c4 c6 3. Nc3 d5 4. d4 e6 5. cxd5 exd5 6. Qc2 Be7 7. Bg5 g6 8. e3 Bf5 9. Bd3 Bxd3 10. Qxd3 0-0 11. h4 Nbd7 12. 0-0-0 Re8 13. Bxf6 Bxf6 14. g4 Bg7 15. g5 b5 16. h5 Qa5 17. Kb1 Rab8 18. hxg6 hxg6 19. Nd2 b4 20. Ne2 Qd8 21. Nf4 Nf8 22. Nf3 Ne6 23. Nxe6 Rxe6 24. Rh4 Qe7 25. Rdh1 Re4 26. Rh7 Qe6 27. Ne5 c5 28. f3 Rxe5 29. dxe5 Qxe5 30. Qc2 b3 31. axb3 c4 32. f4 cxb3 33. fxe5 bxc2+ 34. Kxc2 Bxe5 35. b3 Rc8+ 36. Kd2 Rb8 37. R7h4 Rxb3 38. Ra4 Rb2+ 39. Kd3 Rb3+ 40. Ke2 Bc7 41. Rah4 Kf8 42. Rh8+ Ke7 43. R8h7 Bb6 44. Rf1 Rxe3+ 45. Kd2 Rg3 46. Rhxf7+ Ke8 47. Rf8+ Kd7 48. R1f7+ Kc6 1/2-1/2

[Event "Hamadan Iran op 11th"]
[Site "Hamadan"]
[Date "2012.07.13"]
[Round "4"]
[White "Amir Vardastian, Hossein"]
[Black "Khajavi, Armin"]
[Result "0-1"]
[WhiteElo "2192"]
[BlackElo "2053"]
[PlyCount "94"]
[EventDate "2012.07.11"]
[EventType "swiss"]
[EventRounds "11"]
[EventCountry "IRI"]
[SourceTitle "CBM 149 Extra"]
[Source "ChessBase"]
[SourceDate "2012.08.24"]
[SourceVersion "1"]
[SourceVersionDate "2012.08.24"]
[SourceQuality "1"]

1. e4 c5 2. Nf3 Nc6 3. d4 cxd4 4. Nxd4 g6 5. Nc3 Bg7 6. Be3 Nf6 7. Qd2 0-0 8. f3 d5 9. Nxc6 bxc6 10. e5 Ne8 11. f4 f6 12. Bc4 e6 13. exf6 Qxf6 14. Bd3 e5 15. Bc5 Rf7 16. 0-0 exf4 17. Ne2 g5 18. Nd4 Nc7 19. c3 Ne6 20. Nxe6 Bxe6 21. Rae1 Bf5 22. Be2 Be4 23. h3 Qh6 24. Bg4 Bf8 25. Bd4 Bd6 26. Bf2 Bc7 27. c4 Bb6 28. c5 Bd8 29. b4 Qg6 30. Qd1 Rb7 31. Bh5 Qg7 32. Be8 Rc8 33. Qb3 Re7 34. Bh5 Bg6 35. Bg4 Rb8 36. a4 h5 37. Bf3 Rxe1 38. Rxe1 Ba5 39. Bxd5+ cxd5 40. Qxd5+ Bf7 41. Qd6 Rd8 42. Qe7 Re8 43. Qb7 Rxe1+ 44. Bxe1 Qd4+ 45. Kh2 Bd8 46. Qc6 Kh7 47. a5 Bf6 0-1

[Event "Hamadan Iran op 11th"]
[Site "Hamadan"]
[Date "2012.07.12"]
[Round "3"]
[White "Khajavi, Armin"]
[Black "Hosseinipour, Mehdi"]
[Result "1/2-1/2"]
[WhiteElo "2053"]
[BlackElo "2257"]
[PlyCount "46"]
[EventDate "2012.07.11"]
[EventType "swiss"]
[EventRounds "11"]
[EventCountry "IRI"]
[SourceTitle "CBM 149 Extra"]
[Source "ChessBase"]
[SourceDate "2012.08.24"]
[SourceVersion "1"]
[SourceVersionDate "2012.08.24"]
[SourceQuality "1"]

1. e4 c5 2. Nc3 d6 3. g3 Nc6 4. Bg2 g6 5. d3 Bg7 6. Nge2 e6 7. 0-0 Nge7 8. Be3 Nd4 9. Qd2 0-0 10. Nd1 Rb8 11. Nc1 e5 12. c3 Ndc6 13. Bh6 Be6 14. Bxg7 Kxg7 15. f4 f5 16. Ne3 d5 17. exf5 Nxf5 18. fxe5 Nxe5 19. Ne2 d4 20. Nxf5+ gxf5 21. cxd4 cxd4 22. Qf4 Nxd3 23. Qxd4+ Qxd4+ 1/2-1/2